Timber in ancient Israel : dendroarchaeology and dendrochronology /

محفوظ في:

المؤلف الرئيسي: Liphschitz, Nili.

التنسيق: كتاب

اللغة: English

منشور في: Tel Aviv : Emery and Claire Yass Publications in Archaeology, Institute of Archaeology, Tel Aviv University, 2007.

سلاسل: Monograph series (Makhon le-arkheʼologyah ʻa. sh. Sonyah u-Marḳo Nadler) ; 26.

الموضوعات:

الوسوم: إضافة وسم

لا توجد وسوم, كن أول من يضع وسما على هذه التسجيلة!

رقم الطلب: QK378 .L57

LEADER 01385nam a22002537a 4500
003 OSt
005 20251117111157.0
008 251117t2007 is ab b 001 0 eng d
020 |a 9789652660244 
040 |c ARCE Library 
050 1 4 |a QK378  |b .L57 
100 1 |a Liphschitz, Nili. 
245 1 0 |a Timber in ancient Israel :   |b dendroarchaeology and dendrochronology /   |c Nili Liphschitz. 
264 1 |a Tel Aviv :  |b Emery and Claire Yass Publications in Archaeology, Institute of Archaeology, Tel Aviv University,  |c 2007. 
300 |a x, 190 pages :   |b illustrations (some color), maps. ;   |c 28 cm. 
490 0 |a Monograph series (Makhon le-arkheʼologyah ʻa. sh. Sonyah u-Marḳo Nadler) ;   |v 26. 
504 |a Includes bibliographical references (pages 170-184) and indexes. 
505 0 |a •The nature of the evidence •Indigenous trees and shrubs of the Mediterranean forest, park forest and maquis •Indigenous trees and shrubs of the semi-arid and arid zones •The ancient arboreal landscape of the Sinai desert •Exploitation of cultivated fruit tree timber •Import of foreign timber during antiquity •Ancient wooden artefacts •Dendrochronological research •Arboreal history of Israel. 
650 0 |a Forest archaeology -- Israel. 
650 0 |a Plant remains (Archaeology) -- Israel. 
650 0 |a Trees -- Israel. 
901 |a reviewed 
942 |2 lcc  |c BK 
999 |c 48703  |d 48703